Kadim Ermeni PapaLIGI : (رقم التسجيلة. 151788)
[ عرض عادي ]
| 000 -LEADER | |
|---|---|
| fixed length control field | 01452cam a2200385 i 4500 |
| 008 - FIXED-LENGTH DATA ELEMENTS--GENERAL INFORMATION | |
| fixed length control field | 150216s2013 tu b 001 0 tur d |
| 010 ## - LIBRARY OF CONGRESS CONTROL NUMBER | |
| LC control number | 2013314878 |
| 020 ## - INTERNATIONAL STANDARD BOOK NUMBER | |
| International Standard Book Number | 9789944332521 |
| 020 ## - INTERNATIONAL STANDARD BOOK NUMBER | |
| International Standard Book Number | 9944332526 |
| 040 ## - CATALOGING SOURCE | |
| Original cataloging agency | OSU |
| Language of cataloging | eng |
| Transcribing agency | OSU |
| Modifying agency | EYM |
| -- | OCLCO |
| -- | OCLCF |
| -- | OCL |
| -- | DLC |
| 043 ## - GEOGRAPHIC AREA CODE | |
| Geographic area code | a-ai--- |
| -- | a-tu--- |
| 050 00 - LIBRARY OF CONGRESS CALL NUMBER | |
| Classification number | BX128.S86 |
| Item number | A77 2013 |
| 092 04 - LOCALLY ASSIGNED DEWEY CALL NUMBER (OCLC) | |
| Classification number | 322.109561 |
| Item number | A783 |
| Edition number | 21 |
| 099 ## - LOCAL FREE-TEXT CALL NUMBER (OCLC) | |
| Classification number | 04 |
| -- | 322.109561 A783 |
| 100 1# - MAIN ENTRY--PERSONAL NAME | |
| Personal name | Arslan, Ali, |
| Relator term | author. |
| 245 10 - TITLE STATEMENT | |
| Title | Kadim Ermeni PapaLIGI : |
| Remainder of title | Ecmiyazin Kilisesi'nde stratejik savaslar / |
| Statement of responsibility, etc. | Prof. Dr. Ali Arslan. |
| 246 30 - VARYING FORM OF TITLE | |
| Title proper/short title | Ecmiyazin Kilisesi'nde stratejik savaslar |
| 260 ## - PUBLICATION, DISTRIBUTION, ETC. | |
| Place of publication, distribution, etc. | Istanbul : |
| Name of publisher, distributor, etc. | Idil Yayincilik, |
| Date of publication, distribution, etc. | 2013. |
| 300 ## - PHYSICAL DESCRIPTION | |
| Extent | 192 p. ; |
| Dimensions | 21 cm |
| 504 ## - BIBLIOGRAPHY, ETC. NOTE | |
| Bibliography, etc. note | Includes bibliographical references (p.183-188) and index. |
| 610 20 - SUBJECT ADDED ENTRY--CORPORATE NAME | |
| Corporate name or jurisdiction name as entry element | Catholic Church |
| Geographic subdivision | Turkey |
| General subdivision | History. |
| 610 20 - SUBJECT ADDED ENTRY--CORPORATE NAME | |
| Corporate name or jurisdiction name as entry element | Surb Ejmiatsni Vankʻ |
| General subdivision | History. |
| 610 20 - SUBJECT ADDED ENTRY--CORPORATE NAME | |
| Corporate name or jurisdiction name as entry element | Surb Ejmiatsni Vankʻ |
| General subdivision | Political activity |
| -- | History. |
| 650 #0 - SUBJECT ADDED ENTRY--TOPICAL TERM | |
| Topical term or geographic name entry element | Religion and politics |
| Geographic subdivision | Turkey |
| General subdivision | History. |
| 651 #0 - SUBJECT ADDED ENTRY--GEOGRAPHIC NAME | |
| Geographic name | Armenia |
| General subdivision | Relations |
| Geographic subdivision | Turkey. |
| 651 #0 - SUBJECT ADDED ENTRY--GEOGRAPHIC NAME | |
| Geographic name | Ejmiatsin (Armenia) |
| General subdivision | Politics and government. |
| 651 #0 - SUBJECT ADDED ENTRY--GEOGRAPHIC NAME | |
| Geographic name | Turkey |
| General subdivision | History |
| Chronological subdivision | Ottoman Empire, 1288-1918. |
| 651 #0 - SUBJECT ADDED ENTRY--GEOGRAPHIC NAME | |
| Geographic name | Turkey |
| General subdivision | Relations |
| Geographic subdivision | Armenia. |
| 856 41 - ELECTRONIC LOCATION AND ACCESS | |
| Materials specified | Table of contents only |
| Uniform Resource Identifier | <a href="https://www.loc.gov/catdir/toc/fy16pdf03/2013314878.html">https://www.loc.gov/catdir/toc/fy16pdf03/2013314878.html</a> |
| 902 ## - LOCAL DATA ELEMENT B, LDB (RLIN) | |
| No. of Items | 1 |
| 905 ## - LOCAL DATA ELEMENT E, LDE (RLIN) | |
| Cataloger | Ghada |
| Reviser | Cat. |
| 905 ## - LOCAL DATA ELEMENT E, LDE (RLIN) | |
| Cataloger | Jihan |
| Reviser | Rev. |
| 942 ## - ADDED ENTRY ELEMENTS (KOHA) | |
| Source of classification or shelving scheme | Dewey Decimal Classification |
| Koha item type | Books |
| Source of classification or shelving scheme | Not for loan | Home library | Current library | Date acquired | Full call number | Barcode | Date last seen | Copy number | Koha item type |
|---|---|---|---|---|---|---|---|---|---|
| Dewey Decimal Classification | المكتبة المركزبة الجديدة - جامعة القاهرة | قاعة الثقاقات الاجنبية - الدور الثالث | 11.02.2024 | 322.109561 A783 L.C | 01000110203811000 | 05.07.2024 | C.1 | Books |